000 00555cam a2200181 4500500
005 20260405003010.0
041 _afre
042 _adc
100 1 0 _aGastineau, Nicolas
_eauthor
245 0 0 _aSprint / Discours de la méthode
260 _c2019.
500 _a67
690 _aDescartes
690 _aDiscours de la méthode
690 _aSprint
786 0 _nPhilosophie magazine | 135 | 12 | 2019-12-01 | p. 35-35 | 1951-1787
856 4 1 _uhttps://shs.cairn.info/magazine-philosophie-magazine-2019-12-page-35?lang=fr&redirect-ssocas=7080
999 _c2063364
_d2063364